| 000 | 01001nam a22002417a 4500 | ||
|---|---|---|---|
| 999 |
_c65468 _d65468 |
||
| 005 | 20240530110826.0 | ||
| 008 | 190805s2018 ua a g b 000 0 ara d | ||
| 017 |
_a2017/25932 _bمصر . دار الكتب المصرية |
||
| 020 | _a9789779115412 | ||
| 040 | _aEG-CaGPL | ||
| 082 | 0 | 4 |
_221 _a327.620677 _bق/ هـ ع |
| 100 | 0 | _aهبة مصطفى انور دياب | |
| 245 | 1 | 2 |
_aالعلاقات المصرية الصومالية 1865 - 1980 / _cهبة مصطفى انور دياب |
| 250 | _aط.1 | ||
| 260 |
_aالقاهرة : _bالهيئة المصرية العامة للكتاب، _c2018 |
||
| 300 |
_a255 ص. : _bايض. ؛ _c24 سم. |
||
| 490 | 1 |
_aتاريخ المصريين ؛ _v308 |
|
| 504 | _aيشتمل على ارجاعات ببليوجرافية | ||
| 651 | 0 | 7 |
_aمصر _xالعلاقات الخارجية _zالصومال |
| 651 | 0 | 7 |
_aالصومال _xالعلاقات الخارجية _zمصر |
| 942 |
_2ddc _cBK |
||